| 000 | 00621nam a2200181 i 4500 | ||
|---|---|---|---|
| 001 | 179627 | ||
| 003 | ES-MaACL | ||
| 005 | 20230906220836.0 | ||
| 007 | t| | ||
| 008 | 111227s1912 sp ||||1| spa d | ||
| 110 | 2 |
_aHospital Clínic de Barcelona. _94592 |
|
| 245 | 1 | 0 |
_aHospital Clínico de la Facultad de Medicina de Barcelona _b: [memoria] Año VI, 1912. |
| 260 |
_aBarcelona : _b[s.n., _c1912?] ( _fImpr. J. Horta) |
||
| 300 |
_a88 p., [3] h. pleg. de gráf. ; _c24 cm. |
||
| 594 | _aDatos tomados de la cubierta. | ||
| 610 | 2 | 4 |
_aHospital Clínic de Barcelona- _vMemorias. _9148861 |
| 852 |
_aES-MaACL _jT-1326-F-5 |
||
| 999 |
_c179627 _d179627 |
||